Vitesse de spam - Statistiques

Statistiques générales
  • Ce quiz a été pris 234 fois
  • Le résultat moyen est 83 sur 250
Statistiques - réponses
Réponses % Correct
T
100%
T
100%
T
100%
T
100%
T
100%
T
100%
U
100%
U
100%
U
100%
U
100%
U
100%
U
90%
T
80%
T
80%
T
80%
T
80%
U
80%
U
80%
U
80%
T
70%
T
70%
T
70%
T
70%
T
70%
T
70%
T
70%
T
70%
T
70%
T
70%
T
70%
T
70%
T
70%
T
70%
T
70%
T
70%
U
70%
U
70%
U
70%
U
70%
U
70%
U
70%
U
70%
U
70%
U
70%
U
70%
U
70%
U
70%
U
70%
U
70%
U
70%
U
70%
T
60%
T
60%
T
60%
T
60%
T
60%
T
60%
T
60%
T
60%
T
60%
T
60%
T
60%
T
60%
T
60%
T
60%
T
60%
T
60%
T
60%
T
60%
U
60%
U
60%
U
60%
U
60%
U
60%
U
60%
U
60%
U
60%
U
60%
U
60%
U
60%
U
60%
U
60%
U
60%
U
60%
U
60%
U
60%
U
60%
T
40%
T
40%
T
40%
T
40%
T
40%
T
40%
T
40%
T
40%
U
40%
U
40%
U
40%
U
40%
U
40%
U
40%
U
40%
U
40%
U
40%
T
30%
T
30%
T
30%
T
30%
U
30%
U
30%
U
30%
U
30%
T
20%
T
20%
T
20%
T
20%
T
20%
T
20%
T
20%
T
20%
T
20%
T
20%
T
20%
T
20%
T
20%
T
20%
T
20%
T
20%
T
20%
T
20%
T
20%
T
20%
T
20%
T
20%
T
20%
T
20%
T
20%
T
20%
T
20%
T
20%
T
20%
T
20%
T
20%
U
20%
U
20%
U
20%
U
20%
U
20%
U
20%
U
20%
U
20%
U
20%
U
20%
U
20%
U
20%
U
20%
U
20%
U
20%
U
20%
U
20%
U
20%
U
20%
U
20%
U
20%
U
20%
U
20%
U
20%
U
20%
U
20%
U
20%
U
20%
U
20%
U
20%
U
10%
T
0%
T
0%
T
0%
T
0%
T
0%
T
0%
T
0%
T
0%
T
0%
T
0%
T
0%
T
0%
T
0%
T
0%
T
0%
T
0%
T
0%
T
0%
T
0%
T
0%
T
0%
T
0%
T
0%
T
0%
T
0%
T
0%
T
0%
T
0%
T
0%
T
0%
T
0%
T
0%
T
0%
T
0%
T
0%
T
0%
T
0%
T
0%
U
0%
U
0%
U
0%
U
0%
U
0%
U
0%
U
0%
U
0%
U
0%
U
0%
U
0%
U
0%
U
0%
U
0%
U
0%
U
0%
U
0%
U
0%
U
0%
U
0%
U
0%
U
0%
U
0%
U
0%
U
0%
U
0%
U
0%
U
0%
U
0%
U
0%
U
0%
U
0%
U
0%
U
0%
U
0%
U
0%
U
0%
U
0%
Aucun quiz correspondant
Distribution des résultats
% des personnes avec chaque résultat
Percentile par nombre de réponses
Votre historique - résultats
Vous n’avez pas pris ce quiz